1990s Movie Slideshow Quiz Stats

Quiz Updated Feb 13, 2015

Challenge
Share
Tweet
Score 0/30 Timer 08:00
2 Plays Today
% Correct
Jurassic Park
96.9%
Mrs. Doubtfire
95.6%
Saving Private Ryan
92%
Apollo 13
90.3%
Pretty Woman
88.7%
Home Alone 2: Lost in New York
88%
The Sixth Sense
87.9%
Liar, Liar
87.1%
Speed
86.7%
The Green Mile
85.5%
Groundhog Day
82.5%
Clueless
82.3%
Kindergarten Cop
81.5%
You've Got Mail
79.9%
Godzilla
79.8%
% Correct
Armageddon
77.1%
Face/Off
76.5%
Fargo
76.2%
Scream 2
74.5%
Anaconda
73.8%
Bad Boys
73.1%
Waterworld
72.8%
I Know What You Did Last Summer
68.7%
Air Force One
67.8%
Malcolm X
67.1%
The Fugitive
66.2%
Shakespeare in Love
62.7%
Die Hard: With a Vengeance
62%
The Nutty Professor
61.1%
As Good as It Gets
57.1%

You're not logged in!

Compare scores with friends on all Sporcle quizzes.
Sign Up with Email
OR
Log In

You Might Also Like...

Show Comments

Extras

Top Quizzes Today


Score Distribution

Your Account Isn't Verified!

In order to create a playlist on Sporcle, you need to verify the email address you used during registration. Go to your Sporcle Settings to finish the process.